[Event "C.to Regionale Umbria"]
[Site "Foligno ITA"]
[Date "2008.06.07"]
[Round "3"]
[White "Capossela, Fabio"]
[Black "Fratini, Mauro"]
[Result "0-1"]
[WhiteElo "1620"]
[BlackElo "1976"]
[PlyCount "37"]
[EventDate "2008.06.06"]

1. d4 Nf6 2. c4 g6 3. Nf3 Bg7 4. Nc3 d5 5. Bf4 c6 6. Qa4 O-O 7. Bxb8 Rxb8 8.
Qxa7 Bg4 9. Ne5 Bf5 10. e3 Nd7 11. Nxd7 Qxd7 12. f4 Qe6 13. Kf2 dxc4 14. Qb6
Rbd8 15. Be2 Rb8 16. Rhd1 Rbd8 17. Bf3 Qc8 18. Qb4 Bd3 19. Qxe7 0-1

[Event "C.to Regionale Umbria"]
[Site "Foligno ITA"]
[Date "2008.06.07"]
[Round "3"]
[White "Cicioni, Luigi"]
[Black "Liberi, Michele"]
[Result "1/2-1/2"]
[WhiteElo "1646"]
[BlackElo "1626"]
[PlyCount "67"]
[EventDate "2008.06.06"]

1. e4 e6 2. d4 d5 3. exd5 exd5 4. Nf3 Nf6 5. Bd3 Bg4 6. O-O Be7 7. Bf4 O-O 8.
Nbd2 Nc6 9. c3 h6 10. Qc2 Bd6 11. Bxd6 Qxd6 12. Rfe1 Rfe8 13. Bb5 Rxe1+ 14.
Rxe1 Ne7 15. c4 c6 16. c5 Qc7 17. Bd3 Bh5 18. Ne5 Ng4 19. h3 Nxe5 20. Rxe5 Bg6
21. Nf3 Bxd3 22. Qxd3 Ng6 23. Re3 Qd7 24. Ne5 Nxe5 25. Rxe5 Re8 26. Qe3 Rxe5
27. Qxe5 Qc8 28. Qe7 Qe6 29. Qxb7 Qe1+ 30. Kh2 Qxf2 31. Qxc6 Qf4+ 32. Kh1 Qf1+
33. Kh2 Qf4+ 34. Kh1 1/2-1/2

[Event "C.to Regionale Umbria"]
[Site "Foligno ITA"]
[Date "2008.06.07"]
[Round "3"]
[White "Colabrese, Cary"]
[Black "Cardinali, Egidio"]
[Result "0-1"]
[WhiteElo "1586"]
[BlackElo "1892"]
[PlyCount "78"]
[EventDate "2008.06.06"]

1. d4 d5 2. c4 c6 3. cxd5 cxd5 4. Nc3 Nf6 5. Bf4 Nc6 6. e3 a6 7. Bd3 e6 8. Nge2
Nh5 9. Be5 Nxe5 10. dxe5 Qg5 11. e4 Qxg2 12. Kd2 Bc5 13. b4 Ba7 14. Qa4+ Bd7
15. b5 axb5 16. Qb4 Qf3 17. Nd4 Bxd4 18. Qxd4 Qxf2+ 19. Kc1 O-O 20. Rb1 Rfc8
21. Rb2 Qh4 22. Kb1 g6 23. Nxb5 Bxb5 24. Rxb5 Qe7 25. Be2 Qa3 26. Rb2 Ng7 27.
Bd3 Ra4 28. Qxa4 Qxa4 29. Rxb7 Nf5 30. Re1 Qa5 31. Re2 Qc3 32. Bc2 Qc4 33. Rf2
Ne3 34. Rb2 d4 35. a3 d3 36. Bb3 Qc1+ 37. Ka2 Nc2 38. Bxc2 Rxc2 39. Kb3 Qxb2+
0-1

[Event "C.to Regionale Umbria"]
[Site "Foligno ITA"]
[Date "2008.06.07"]
[Round "3"]
[White "Cuppone, Damiano"]
[Black "Malfagia, Andrea"]
[Result "0-1"]
[WhiteElo "1776"]
[BlackElo "2288"]
[PlyCount "56"]
[EventDate "2008.06.06"]

1. d4 e6 2. c4 d5 3. Nc3 c6 4. cxd5 exd5 5. Nf3 Bd6 6. Bg5 f6 7. Bh4 Ne7 8. e3
Qb6 9. Qc2 Na6 10. a3 Bf5 11. Bd3 Bxd3 12. Qxd3 Qxb2 13. O-O Qb6 14. Rab1 Qc7
15. e4 dxe4 16. Nxe4 O-O-O 17. Rfe1 Bf4 18. Nxf6 gxf6 19. Bxf6 Nd5 20. Bxh8
Rxh8 21. g3 Rg8 22. Ne5 Bxe5 23. Rxe5 Qg7 24. f4 Nac7 25. Rh5 Nxf4 26. Qf5+
Nce6 27. Rxh7 Qxd4+ 28. Kh1 Rf8 0-1

[Event "C.to Regionale Umbria"]
[Site "Foligno ITA"]
[Date "2008.06.07"]
[Round "3"]
[White "Cuppone, Fiorentino"]
[Black "Verdi, Enea"]
[Result "1-0"]
[WhiteElo "1661"]
[BlackElo "1404"]
[PlyCount "93"]
[EventDate "2008.06.06"]

1. e4 e5 2. Nf3 Nc6 3. Bb5 a6 4. Ba4 d6 5. c3 b5 6. Bc2 Bg4 7. O-O Be7 8. d3
Nf6 9. Nbd2 O-O 10. h3 Bh5 11. Re1 Qd7 12. Nf1 h6 13. Ng3 Bxf3 14. Qxf3 Nh7 15.
Qe2 Bg5 16. Be3 Bf4 17. d4 Bxg3 18. fxg3 exd4 19. cxd4 Ne7 20. g4 d5 21. e5 f6
22. Qd3 f5 23. gxf5 Nxf5 24. g4 Nxe3 25. Qxh7+ Kf7 26. Rxe3 Ke8 27. Qg6+ Kd8
28. Bf5 Qe7 29. Qc6 Ra7 30. Qxd5+ Ke8 31. Bg6+ Rf7 32. Qxf7+ Qxf7 33. Bxf7+
Kxf7 34. Rc1 Ke6 35. Kf2 a5 36. Rec3 Kd7 37. Ke3 b4 38. Rc4 g5 39. Ke4 Rb7 40.
b3 Ra7 41. Kf5 Rb7 42. e6+ Kd6 43. Rc6+ Kd5 44. e7 Kxd4 45. e8=Q Rb5+ 46. Kf6
Kd3 47. Rd1# 1-0

[Event "C.to Regionale Umbria"]
[Site "Foligno ITA"]
[Date "2008.06.07"]
[Round "3"]
[White "Gasperoni, Claudio"]
[Black "Romano, Claudio"]
[Result "1-0"]
[WhiteElo "1845"]
[BlackElo "1506"]
[PlyCount "31"]
[EventDate "2008.06.06"]

1. d4 d5 2. c4 e6 3. Nc3 Nf6 4. Bg5 Be7 5. e3 O-O 6. Nf3 a6 7. cxd5 Nxd5 8.
Bxe7 Nxe7 9. Bd3 b5 10. Bxh7+ Kxh7 11. Ng5+ Kg8 12. Qh5 Re8 13. Qxf7+ Kh8 14.
Nce4 Nf5 15. Nf6 Nh6 16. Qg6 1-0

[Event "C.to Regionale Umbria"]
[Site "Foligno ITA"]
[Date "2008.06.07"]
[Round "3"]
[White "Lantini, Marco"]
[Black "Trampetti, Luca"]
[Result "0-1"]
[WhiteElo "2244"]
[BlackElo "1980"]
[PlyCount "58"]
[EventDate "2008.06.06"]

1. d4 Nf6 2. c4 e6 3. Nf3 b6 4. Nc3 Bb4 5. Qb3 Bxc3+ 6. Qxc3 Ne4 7. Qc2 Bb7 8.
g3 O-O 9. Bg2 f5 10. O-O a5 11. Ng5 Nd6 12. Bxb7 Nxb7 13. h4 Nc6 14. Rd1 e5 15.
dxe5 Nxe5 16. Ne6 Qf6 17. Nxf8 Rxf8 18. Bf4 Nc5 19. a3 Ng6 20. Bxc7 f4 21. Rd6
Ne6 22. Bxb6 fxg3 23. fxg3 Qe5 24. Qd3 Nef4 25. gxf4 Nxf4 26. Qd2 Nxe2+ 27. Kh1
Qe4+ 28. Kh2 Qxh4+ 29. Kg2 Qg3+ 0-1

[Event "C.to Regionale Umbria"]
[Site "Foligno ITA"]
[Date "2008.06.07"]
[Round "3"]
[White "Marcugini, Stefano"]
[Black "Coqueraut, Jean Dominique"]
[Result "1-0"]
[WhiteElo "1539"]
[BlackElo "1975"]
[PlyCount "73"]
[EventDate "2008.06.06"]

1. e4 d6 2. d4 Nf6 3. Nc3 g6 4. Be2 Bg7 5. Be3 O-O 6. Qd2 e5 7. dxe5 dxe5 8.
Qxd8 Rxd8 9. Nf3 Nc6 10. O-O a6 11. Rad1 Bg4 12. h3 Bxf3 13. Bxf3 Nd4 14. Rd2
Nxf3+ 15. gxf3 Rxd2 16. Bxd2 Rd8 17. Rd1 b5 18. a3 c5 19. Be3 Rxd1+ 20. Nxd1 c4
21. b3 cxb3 22. cxb3 Bf8 23. a4 bxa4 24. bxa4 Bb4 25. Nb2 Nd7 26. Nd3 a5 27.
Kf1 f5 28. Nxb4 axb4 29. Ke2 Nb8 30. Kd3 Na6 31. Kc4 Kf7 32. Bd2 fxe4 33. fxe4
b3 34. Bc3 Ke6 35. Kb5 Nb8 36. a5 Kd6 37. a6 1-0

[Event "C.to Regionale Umbria"]
[Site "Foligno ITA"]
[Date "2008.06.07"]
[Round "3"]
[White "Migliozzi, Giuseppe"]
[Black "Balducci, Walter"]
[Result "1-0"]
[WhiteElo "1407"]
[BlackElo "1706"]
[PlyCount "73"]
[EventDate "2008.06.06"]

1. Nf3 d5 2. b3 Nf6 3. Bb2 Bf5 4. e3 Nbd7 5. d4 e6 6. Bd3 Bxd3 7. Qxd3 Bd6 8.
O-O c5 9. c4 dxc4 10. Qxc4 Rc8 11. Qb5 b6 12. Nc3 O-O 13. Rac1 cxd4 14. Nxd4
Rc5 15. Qe2 Qe7 16. Ncb5 Bb8 17. Nc6 Qe8 18. Ba3 Rxc1 19. Rxc1 Nc5 20. Nxb8
Qxb8 21. Bxc5 bxc5 22. Rxc5 Qb6 23. Qc4 Qa6 24. a4 Rd8 25. h3 Qb7 26. Nd6 Qd7
27. Rc6 h6 28. b4 Nd5 29. b5 Nb6 30. Qd4 Qe7 31. a5 e5 32. Qc5 Na4 33. Qb4 Nb2
34. b6 Nd3 35. Qa3 e4 36. b7 Qf6 37. Rc8 1-0

[Event "C.to Regionale Umbria"]
[Site "Foligno ITA"]
[Date "2008.06.07"]
[Round "3"]
[White "Militello, Michele"]
[Black "Minni, Stefano"]
[Result "1-0"]
[WhiteElo "1893"]
[BlackElo "1434"]
[PlyCount "98"]
[EventDate "2008.06.06"]

1. d4 Nf6 2. c4 e6 3. Nf3 d5 4. Bg5 Be7 5. Nc3 c6 6. e3 O-O 7. Bd3 Nbd7 8. O-O
Re8 9. Qc2 dxc4 10. Bxc4 Nd5 11. Bxe7 Qxe7 12. Rfd1 N7b6 13. Bd3 h6 14. a3 Bd7
15. Ne4 Rad8 16. b4 Nf6 17. Nc5 Bc8 18. Rab1 Nbd7 19. Rdc1 Nxc5 20. Qxc5 Qxc5
21. Rxc5 Nd7 22. Rc3 e5 23. Bf5 exd4 24. Nxd4 Nf6 25. Bxc8 Rxc8 26. Nb3 Ne4 27.
Rc2 Red8 28. f3 Nf6 29. e4 Nd7 30. Na5 Rc7 31. Rbc1 Rdc8 32. Kf2 Nb8 33. Nb3 b6
34. Nd4 c5 35. Nb5 Rd7 36. bxc5 Rxc5 37. Rxc5 bxc5 38. Rxc5 Rb7 39. Nd6 Rb2+
40. Kg3 Kf8 41. Rc7 f6 42. Rf7+ Kg8 43. Rxa7 Rb6 44. Nf5 Kf8 45. Rxg7 Re6 46.
Rh7 Nc6 47. Rxh6 Kf7 48. Rh7+ Kg6 49. Rc7 Re5 1-0

[Event "C.to Regionale Umbria"]
[Site "Foligno ITA"]
[Date "2008.06.07"]
[Round "3"]
[White "Ottaviani, Gianluca"]
[Black "Mancin, Michele"]
[Result "1-0"]
[WhiteElo "1923"]
[BlackElo "1778"]
[PlyCount "93"]
[EventDate "2008.06.06"]

1. e4 c5 2. Nf3 d6 3. c3 Nf6 4. Bd3 a6 5. a4 Bg4 6. Bc2 e5 7. d3 h6 8. Nbd2 Nc6
9. Nf1 d5 10. Ng3 d4 11. h3 Be6 12. O-O Qd7 13. a5 Bd6 14. Ba4 O-O 15. Re1 Bc7
16. c4 Rab8 17. Nh4 b5 18. axb6 Rxb6 19. Nhf5 Rfb8 20. Qf3 Bxf5 21. Nxf5 Kh7
22. Nxh6 gxh6 23. Qxf6 Qe6 24. Qxe6 fxe6 25. Bxc6 Rxc6 26. Ra3 Bd8 27. Re2 Rcb6
28. f4 exf4 29. Bxf4 Rxb2 30. Rxb2 Rxb2 31. Rxa6 Rb6 32. Rxb6 Bxb6 33. Bd6 Kg6
34. Kf2 h5 35. Kf3 Kg5 36. g3 Ba7 37. Bc7 Kf6 38. Kf4 Kg6 39. Ke5 Kf7 40. g4
hxg4 41. hxg4 Kg6 42. Kxe6 Kg5 43. Kd7 Kxg4 44. e5 Kf3 45. e6 Ke3 46. e7 Kxd3
47. e8=Q 1-0

[Event "C.to Regionale Umbria"]
[Site "Foligno ITA"]
[Date "2008.06.07"]
[Round "3"]
[White "Parrini, Daniele"]
[Black "Maddaloni, Giovanni"]
[Result "1-0"]
[WhiteElo "2054"]
[BlackElo "1809"]
[PlyCount "67"]
[EventDate "2008.06.06"]

1. e4 e5 2. Nf3 Nc6 3. Bc4 Nf6 4. d3 Be7 5. c3 d6 6. Bb3 O-O 7. Nbd2 a5 8. Nf1
Be6 9. Bc2 h6 10. Ng3 d5 11. Qe2 Re8 12. a4 Bf8 13. O-O d4 14. Nf5 Bxf5 15.
exf5 Nd5 16. Bd2 Qd7 17. g4 Rad8 18. Rad1 Nf6 19. h3 Bc5 20. Bc1 Nd5 21. Bd2
Nf4 22. Bxf4 exf4 23. Qd2 Qd5 24. Nh4 Bd6 25. Rde1 Ne5 26. Re4 Be7 27. Rxe5
Qxe5 28. Nf3 Qd6 29. Nxd4 Bg5 30. Nf3 Qd5 31. Kg2 h5 32. d4 hxg4 33. hxg4 f6
34. Qd1 1-0

[Event "C.to Regionale Umbria"]
[Site "Foligno ITA"]
[Date "2008.06.07"]
[Round "3"]
[White "Piscitelli, Vito"]
[Black "Caruso, Augusto"]
[Result "0-1"]
[WhiteElo "1967"]
[BlackElo "2229"]
[PlyCount "79"]
[EventDate "2008.06.06"]

1. e4 e6 2. d3 d5 3. Nd2 Nf6 4. Ngf3 Nc6 5. g3 a5 6. Bg2 dxe4 7. dxe4 e5 8. c3
Bc5 9. Qc2 b6 10. Nb3 Bd6 11. a4 Ba6 12. Bf1 Qc8 13. Bxa6 Qxa6 14. Bg5 Qc4 15.
Nbd2 Qe6 16. O-O O-O 17. Rfe1 Ng4 18. h3 f6 19. hxg4 fxg5 20. Nxg5 Qg6 21. Ngf3
Qxg4 22. Kg2 Bc5 23. Rh1 Rad8 24. Rh4 Qg6 25. Rah1 h6 26. Rh5 Rd6 27. Rf5 Rdf6
28. Nh4 Qe8 29. Rxf6 Rxf6 30. Nf5 Ne7 31. Nxe7+ Qxe7 32. f3 Rg6 33. Rh5 Kh7 34.
Nc4 Qf7 35. Nxe5 Rxg3+ 36. Kxg3 Qxh5 37. Ng4 Qg6 38. Kh3 Bd6 39. Qf2 Bf4 40.
Ne3 0-1

[Event "C.to Regionale Umbria"]
[Site "Foligno ITA"]
[Date "2008.06.07"]
[Round "3"]
[White "Salami, Marco"]
[Black "Castellano, Alfonso"]
[Result "0-1"]
[WhiteElo "2215"]
[BlackElo "1899"]
[PlyCount "78"]
[EventDate "2008.06.06"]

1. d4 Nf6 2. Nc3 d5 3. Bg5 h6 4. Bxf6 exf6 5. Qd3 c6 6. O-O-O Be6 7. e3 b5 8.
Nf3 Nd7 9. Kb1 Nb6 10. e4 Be7 11. e5 f5 12. h4 a5 13. Ne2 a4 14. Nf4 Qd7 15.
Nd2 Nc4 16. Qg3 Rg8 17. Be2 Qa7 18. Nxc4 bxc4 19. Nxe6 fxe6 20. Bh5+ g6 21.
Bxg6+ Kd7 22. h5 Rab8 23. a3 Rb5 24. Ka2 Rgb8 25. Qc3 Rxb2+ 26. Qxb2 Rxb2+ 27.
Kxb2 Qb6+ 28. Ka2 c3 29. Rb1 Qa6 30. Rb8 Qc4+ 31. Kb1 Bxa3 32. Ka1 Bb2+ 33.
Rxb2 cxb2+ 34. Kxb2 Qb4+ 35. Ka2 Qc3 36. Rb1 Qxc2+ 37. Rb2 Qc4+ 38. Ka3 Qxd4
39. Ra2 Kc8 0-1

[Event "C.to Regionale Umbria"]
[Site "Foligno ITA"]
[Date "2008.06.07"]
[Round "3"]
[White "Serafini, Gino"]
[Black "Miconi, Francesco"]
[Result "1/2-1/2"]
[WhiteElo "1853"]
[BlackElo "1608"]
[PlyCount "80"]
[EventDate "2008.06.06"]

1. d4 Nf6 2. Bf4 g6 3. Nf3 Bg7 4. e3 d6 5. h3 O-O 6. Nbd2 c5 7. c3 Nc6 8. Be2
Re8 9. O-O e5 10. Bh2 e4 11. Ne1 cxd4 12. cxd4 d5 13. a3 Be6 14. Rc1 Nd7 15. b4
Rc8 16. f4 exf3 17. Nexf3 f5 18. b5 Ncb8 19. Rxc8 Qxc8 20. Qc1 Bf7 21. Bf4 Nf8
22. Ne5 Nbd7 23. Nxf7 Kxf7 24. Nf3 Ne6 25. Ng5+ Nxg5 26. Bxg5 Kg8 27. Bf3 Nb6
28. Qc5 Qd7 29. Bf4 Rc8 30. Qb4 Bf8 31. Qb3 Nc4 32. Rc1 Kh8 33. Kh1 Be7 34.
Be5+ Kg8 35. g4 Bg5 36. gxf5 Kf8 37. Kh2 Qxf5 38. Bg2 Qe6 39. Rf1+ Ke8 40. Qb4
Be7 1/2-1/2

[Event "C.to Regionale Umbria"]
[Site "Foligno ITA"]
[Date "2008.06.07"]
[Round "3"]
[White "Seravelli, Paolo"]
[Black "Rotoni, Matteo"]
[Result "0-1"]
[WhiteElo "1467"]
[BlackElo "2077"]
[PlyCount "74"]
[EventDate "2008.06.06"]

1. e4 e6 2. d4 d5 3. e5 c5 4. c3 Nc6 5. Nf3 Qb6 6. Bd3 cxd4 7. cxd4 Bd7 8. O-O
Nxd4 9. Nxd4 Qxd4 10. Nc3 a6 11. Re1 Ne7 12. Qf3 Bc6 13. Bf4 Ng6 14. Bxg6 hxg6
15. Rad1 Qb6 16. Qe2 Be7 17. Be3 Bc5 18. Bxc5 Qxc5 19. Rc1 Qd4 20. Red1 Qf4 21.
g3 Qf5 22. Rd4 g5 23. f3 Rh6 24. Rf1 f6 25. exf6 gxf6 26. g4 Qe5 27. Qd2 O-O-O
28. Re1 Qd6 29. Rc1 Kb8 30. Ne4 Qf4 31. Qxf4+ gxf4 32. Nc5 e5 33. Rb4 Ka7 34.
Rb3 f5 35. Nd3 Rdh8 36. Nxe5 Rxh2 37. Nxc6+ bxc6 0-1

[Event "C.to Regionale Umbria"]
[Site "Foligno ITA"]
[Date "2008.06.07"]
[Round "3"]
[White "Tortolini, Francesco"]
[Black "Minelli, Francesco"]
[Result "1-0"]
[WhiteElo "1890"]
[BlackElo "1563"]
[PlyCount "73"]
[EventDate "2008.06.06"]

1. e4 c5 2. Nf3 d6 3. d4 cxd4 4. Nxd4 Nf6 5. Nc3 g6 6. Be3 Bg7 7. f3 O-O 8. Qd2
Nc6 9. O-O-O Nxd4 10. Bxd4 Be6 11. Nd5 Bxd5 12. exd5 Qc7 13. h4 Rfc8 14. Bc3
Rab8 15. g4 b5 16. a3 b4 17. axb4 Nxd5 18. Qxd5 Bxc3 19. bxc3 Qxc3 20. Bd3 Rxb4
21. Rde1 Qb2+ 22. Kd2 Rxc2+ 23. Bxc2 Rd4+ 24. Qxd4 Qxd4+ 25. Ke2 f6 26. h5 g5
27. Rb1 Qc5 28. Rb8+ Kg7 29. h6+ Kf7 30. Bxh7 Qc4+ 31. Bd3 Qe6+ 32. Kf2 Qa2+
33. Be2 Qc2 34. h7 Qc5+ 35. Kg2 Qc2 36. h8=Q Qxe2+ 37. Kg3 1-0

[Event "C.to Regionale Umbria"]
[Site "Foligno ITA"]
[Date "2008.06.07"]
[Round "3"]
[White "Vitali, Roberto"]
[Black "Angeli, Francesco"]
[Result "1-0"]
[WhiteElo "1574"]
[BlackElo "1437"]
[PlyCount "91"]
[EventDate "2008.06.06"]

1. e4 e6 2. d4 d5 3. e5 c5 4. c3 Nc6 5. Be3 Qb6 6. Qd2 cxd4 7. cxd4 Bb4 8. Nc3
Bd7 9. a3 Bf8 10. b4 Nge7 11. Nf3 Nf5 12. Na4 Qd8 13. Nc5 Bxc5 14. bxc5 h6 15.
h4 Rb8 16. Bf4 b5 17. Rb1 Na5 18. g4 Ne7 19. g5 Ng6 20. gxh6 gxh6 21. Bxh6 Nc4
22. Bxc4 bxc4 23. Rxb8 Qxb8 24. Ke2 c3 25. Qc1 Rxh6 26. Qxc3 Bc6 27. Nd2 Qd8
28. h5 Nxe5 29. Rg1 Nd7 30. Rg8+ Nf8 31. Qg3 Rxh5 32. Qg7 Qe7 33. Qg3 e5 34.
Kf1 Rh1+ 35. Kg2 Re1 36. Nf3 Re2 37. Nxe5 Rxe5 38. dxe5 d4+ 39. Kg1 Kd7 40.
Qg4+ Ne6 41. f4 Qxc5 42. Kh2 Kc7 43. Qf5 Qc2+ 44. Qxc2 Nxf4 45. Rc8+ Kxc8 46.
Qxc6+ 1-0

[Event "C.to Regionale Umbria"]
[Site "Foligno ITA"]
[Date "2008.06.07"]
[Round "4"]
[White "Almadori, Giovanni"]
[Black "Vitali, Roberto"]
[Result "1-0"]
[WhiteElo "1341"]
[BlackElo "1574"]
[PlyCount "78"]
[EventDate "2008.06.06"]

1. Nf3 d5 2. d4 Nf6 3. c4 e6 4. Nc3 Bb4 5. Bg5 h6 6. Bxf6 Qxf6 7. e3 O-O 8. Bd3
Bd7 9. O-O Bxc3 10. bxc3 b6 11. cxd5 exd5 12. Re1 Bg4 13. e4 Bxf3 14. Qxf3 Qxf3
15. gxf3 c6 16. exd5 cxd5 17. Re5 Rd8 18. Bb5 f6 19. Re7 a6 20. Re8+ Rxe8 21.
Bxe8 Ra7 22. Re1 Rc7 23. Bg6 Rc8 24. a4 Nd7 25. Bf5 Rc7 26. Re7 Rxc3 27. Rxd7
Rxf3 28. Rxd5 Ra3 29. Bd7 Kf7 30. Kg2 Ke7 31. Bc6 Ke6 32. Rd7 g6 33. d5+ Ke5
34. Re7+ Kd6 35. Re6+ Kc7 36. Rxf6 b5 37. axb5 a5 38. d6+ Kb6 39. d7 Rd3 1-0

[Event "C.to Regionale Umbria"]
[Site "Foligno ITA"]
[Date "2008.06.07"]
[Round "4"]
[White "Balducci, Alessandro"]
[Black "Seravelli, Paolo"]
[Result "1-0"]
[WhiteElo "1819"]
[BlackElo "1467"]
[PlyCount "105"]
[EventDate "2008.06.06"]

1. f4 d5 2. Nf3 Bg4 3. e3 Nf6 4. b3 Nc6 5. Bb5 e6 6. Bb2 Bd6 7. O-O O-O 8. Bxc6
bxc6 9. Qe1 c5 10. d3 Re8 11. Nbd2 c6 12. Ne5 Qc7 13. Nxg4 Nxg4 14. Qg3 f5 15.
h3 Nh6 16. Nf3 d4 17. Ne5 Nf7 18. exd4 Nxe5 19. dxe5 Be7 20. Rfd1 Qd8 21. Qe3
Qa5 22. a4 Rad8 23. d4 Qb4 24. Ba3 Qa5 25. Bxc5 Bxc5 26. dxc5 Rd5 27. Rxd5 cxd5
28. Rd1 Rc8 29. Qd4 Qxc5 30. Qxc5 Rxc5 31. Rd2 a5 32. Kf2 Kf7 33. Ke2 Rc3 34.
Kd1 Ke7 35. Rd3 Rxd3+ 36. cxd3 Kd7 37. d4 Kc6 38. Kc2 h6 39. Kc3 Kb6 40. b4 g6
41. h4 h5 42. bxa5+ Kxa5 43. Kb3 Ka6 44. Kb4 Kb6 45. a5+ Ka6 46. Ka4 Ka7 47.
Kb5 Kb7 48. a6+ Ka7 49. Ka5 Ka8 50. Kb6 Kb8 51. Kc6 Ka7 52. Kd6 Kxa6 53. Kxe6
1-0

[Event "C.to Regionale Umbria"]
[Site "Foligno ITA"]
[Date "2008.06.07"]
[Round "4"]
[White "Bertini, Nazzareno"]
[Black "Lantini, Marco"]
[Result "1/2-1/2"]
[WhiteElo "1786"]
[BlackElo "2244"]
[PlyCount "42"]
[EventDate "2008.06.06"]

1. e4 c5 2. Nf3 e6 3. c3 Nf6 4. e5 Nd5 5. d4 cxd4 6. cxd4 d6 7. Bc4 Nc6 8. Bxd5
exd5 9. Bf4 dxe5 10. Nxe5 Qb6 11. Nc3 Be6 12. O-O Be7 13. Nxc6 bxc6 14. Na4 Qa6
15. a3 O-O 16. b4 Rfe8 17. Nc5 Bxc5 18. bxc5 Bf5 19. Re1 h6 20. Qb3 Kh7 21. h3
Bg6 1/2-1/2

[Event "C.to Regionale Umbria"]
[Site "Foligno ITA"]
[Date "2008.06.07"]
[Round "4"]
[White "Buoncristiani, Luca"]
[Black "Cuppone, Damiano"]
[Result "0-1"]
[WhiteElo "1464"]
[BlackElo "1776"]
[PlyCount "72"]
[EventDate "2008.06.06"]

1. e4 c5 2. Nf3 e6 3. Nc3 Nc6 4. Bb5 Nd4 5. Ba4 a6 6. d3 b5 7. Bb3 Bb7 8. Be3
Nxb3 9. axb3 Nf6 10. Nd2 Qc7 11. f4 d5 12. e5 d4 13. exf6 dxc3 14. Ne4 cxb2 15.
Rb1 Bxe4 16. dxe4 gxf6 17. O-O Bd6 18. Rxb2 Ke7 19. Qh5 e5 20. Qh4 c4 21. bxc4
Qxc4 22. Rbb1 Qxe4 23. Rbe1 Rhg8 24. Qf2 Qg6 25. Bc5 Rad8 26. fxe5 fxe5 27.
Rxe5+ Kf8 28. Rg5 Qe6 29. Re5 Qc4 30. Bxd6+ Rxd6 31. Rc5 Qe6 32. Re5 Qd7 33.
Qf3 Rgg6 34. Qa3 Kg7 35. Qc3 Kg8 36. Rfe1 Rde6 0-1

[Event "C.to Regionale Umbria"]
[Site "Foligno ITA"]
[Date "2008.06.07"]
[Round "4"]
[White "Cardinali, Egidio"]
[Black "Ottaviani, Gianluca"]
[Result "1/2-1/2"]
[WhiteElo "1892"]
[BlackElo "1923"]
[PlyCount "59"]
[EventDate "2008.06.06"]

1. e4 c5 2. c3 d6 3. d4 Nf6 4. dxc5 dxc5 5. Qxd8+ Kxd8 6. f3 Nc6 7. Nd2 Kc7 8.
Nc4 e5 9. Bg5 Be6 10. Ne3 Rd8 11. Bb5 a6 12. Bxc6 bxc6 13. c4 Be7 14. Rd1 Rxd1+
15. Kxd1 Nxe4 16. Bxe7 Nf2+ 17. Ke1 Nxh1 18. Bxc5 Rd8 19. Ne2 h5 20. b3 Rd3 21.
Nd1 g5 22. Nc1 Rd7 23. Nc3 g4 24. fxg4 hxg4 25. g3 f5 26. N1e2 Rd3 27. Bb4 Rf3
28. Na4 f4 29. Bc3 Re3 30. Bd2 1/2-1/2

[Event "C.to Regionale Umbria"]
[Site "Foligno ITA"]
[Date "2008.06.07"]
[Round "4"]
[White "Caruso, Augusto"]
[Black "Castellano, Alfonso"]
[Result "1/2-1/2"]
[WhiteElo "2229"]
[BlackElo "1899"]
[PlyCount "66"]
[EventDate "2008.06.06"]

1. d4 Nf6 2. Nc3 d5 3. Bg5 Nbd7 4. Nf3 h6 5. Bf4 c6 6. e3 Nh5 7. Ne5 Nxf4 8.
exf4 Nf6 9. Bd3 Qb6 10. O-O e6 11. f5 Bd6 12. Re1 O-O 13. fxe6 Bxe6 14. a3 Rfe8
15. b4 Kf8 16. Bf1 Bf5 17. g3 Bxe5 18. Rxe5 Rxe5 19. dxe5 Ng4 20. Qf3 Bd7 21.
Re1 Re8 22. e6 Nf6 23. Na4 Qc7 24. e7+ Kg8 25. Nc5 Bc8 26. Qe3 Qd6 27. Bd3 b6
28. Nb3 Ng4 29. Qe2 Nf6 30. f3 Kh8 31. Nd4 Bd7 32. Bf5 Ng8 33. Qe5 Qxe5 1/2-1/2

[Event "C.to Regionale Umbria"]
[Site "Foligno ITA"]
[Date "2008.06.07"]
[Round "4"]
[White "Cuppone, Fiorentino"]
[Black "Tortolini, Francesco"]
[Result "0-1"]
[WhiteElo "1661"]
[BlackElo "1890"]
[PlyCount "62"]
[EventDate "2008.06.06"]

1. e4 d5 2. e5 c5 3. f4 Bf5 4. Nf3 e6 5. d4 Nc6 6. c3 Qb6 7. a3 cxd4 8. cxd4
Bxb1 9. Rxb1 Bxa3 10. Bd3 Bb4+ 11. Kf1 Nge7 12. g4 Ba5 13. Qa4 Qb4 14. Qd1 Qb6
15. Ra1 Rc8 16. f5 Nb4 17. Bb1 Qc6 18. Kf2 Bb6 19. f6 gxf6 20. exf6 Ng6 21. Bh6
Nc2 22. Bxc2 Qxc2+ 23. Qxc2 Rxc2+ 24. Kg3 Rxb2 25. Bg7 Rg8 26. Rac1 Kd7 27. Ng5
Rb3+ 28. Kg2 Nf4+ 29. Kf1 Bxd4 30. Nxf7 Bxf6 31. Bxf6 Rf3+ 0-1

[Event "C.to Regionale Umbria"]
[Site "Foligno ITA"]
[Date "2008.06.07"]
[Round "4"]
[White "Fratini, Mauro"]
[Black "Cicioni, Luigi"]
[Result "1-0"]
[WhiteElo "1976"]
[BlackElo "1646"]
[PlyCount "45"]
[EventDate "2008.06.06"]

1. d4 Nf6 2. Nf3 e6 3. Bf4 b6 4. e3 Be7 5. Bd3 Bb7 6. Nbd2 c5 7. c3 Nc6 8. a4
d5 9. h3 Rc8 10. O-O O-O 11. Bh2 cxd4 12. exd4 Bd6 13. Ne5 Qc7 14. f4 Na5 15.
Qe2 Rfe8 16. Rae1 Re7 17. g4 Ne8 18. g5 f6 19. Bxh7+ Kxh7 20. Qh5+ Kg8 21. g6
Rd7 22. Qh7+ Kf8 23. Nc6 1-0

[Event "C.to Regionale Umbria"]
[Site "Foligno ITA"]
[Date "2008.06.07"]
[Round "4"]
[White "Gambacorta, Claudio"]
[Black "Migliozzi, Giuseppe"]
[Result "0-1"]
[WhiteElo "1497"]
[BlackElo "1407"]
[PlyCount "86"]
[EventDate "2008.06.06"]

1. e4 d5 2. exd5 Qxd5 3. Nc3 Qa5 4. Nf3 Nf6 5. Be2 Bf5 6. O-O e6 7. Nd4 Bd6 8.
Nxf5 Qxf5 9. d4 Nc6 10. Be3 Rd8 11. Bd3 Qa5 12. h3 O-O 13. a3 a6 14. b4 Qh5 15.
Be2 Qh4 16. b5 axb5 17. Nxb5 e5 18. Nxd6 Rxd6 19. c3 exd4 20. cxd4 Nxd4 21.
Bxd4 Rxd4 22. Qc2 Qf4 23. Bf3 b6 24. Rac1 c5 25. Qb3 Qc7 26. Rfe1 Rfd8 27. Re3
Rd2 28. Rce1 g6 29. Re7 c4 30. Qc3 Qf4 31. Rb7 R8d6 32. Rb1 R6d3 33. Qb4 Ne4
34. Rf1 Ng5 35. Bc6 Rd1 36. Re7 Rxf1+ 37. Kxf1 Rd1+ 38. Re1 Rxe1+ 39. Kxe1 Ne4
40. Qxb6 c3 41. Qd8+ Kg7 42. Qd4+ Kh6 43. Bxe4 c2 0-1

[Event "C.to Regionale Umbria"]
[Site "Foligno ITA"]
[Date "2008.06.07"]
[Round "4"]
[White "Liberi, Michele"]
[Black "Militello, Michele"]
[Result "1-0"]
[WhiteElo "1626"]
[BlackElo "1893"]
[PlyCount "89"]
[EventDate "2008.06.06"]

1. d4 d5 2. c4 e6 3. Nc3 Nf6 4. Nf3 Be7 5. e3 O-O 6. Bd3 Nbd7 7. O-O b6 8. cxd5
exd5 9. Qc2 c5 10. Ne5 c4 11. Bf5 Bd6 12. f4 g6 13. Bxd7 Bxd7 14. Nxd7 Qxd7 15.
Bd2 b5 16. Rf3 Bb4 17. Re1 Rab8 18. a3 Be7 19. b4 a5 20. Nb1 axb4 21. Bxb4 Bxb4
22. axb4 Ra8 23. Nc3 Ra6 24. h4 Rfa8 25. f5 Ra1 26. Rxa1 Rxa1+ 27. Kh2 Qd6+ 28.
g3 Qxb4 29. fxg6 Ne4 30. gxf7+ Kf8 31. Nxe4 Qe1 32. Nf2 h5 33. g4 hxg4 34. Nxg4
Qh1+ 35. Kg3 Rg1+ 36. Kf4 Qxh4 37. Qg6 Qh2+ 38. Kg5 Rxg4+ 39. Kxg4 Qg2+ 40. Rg3
Qe4+ 41. Kg5 Qd3 42. Kf6 Qf1+ 43. Ke6 Qf5+ 44. Qxf5 c3 45. Rg8# 1-0

[Event "C.to Regionale Umbria"]
[Site "Foligno ITA"]
[Date "2008.06.07"]
[Round "4"]
[White "Maddaloni, Giovanni"]
[Black "Bassini, Massimo"]
[Result "1-0"]
[WhiteElo "1809"]
[BlackElo "1503"]
[PlyCount "89"]
[EventDate "2008.06.06"]

1. e4 c6 2. d4 d5 3. e5 Bf5 4. Nd2 e6 5. Nb3 h6 6. Nf3 Nd7 7. Be2 c5 8. dxc5
Bxc5 9. Nxc5 Nxc5 10. Bb5+ Nd7 11. O-O a6 12. Ba4 b5 13. Bb3 Bg4 14. Re1 Ne7
15. h3 Bh5 16. a4 b4 17. Bf4 a5 18. Rc1 Qc7 19. c4 d4 20. g4 Bg6 21. Nxd4 O-O
22. Nb5 Qc6 23. c5 Nd5 24. Bxd5 exd5 25. Nd4 Qa6 26. c6 Nb6 27. Nb5 Qc8 28. b3
h5 29. f3 hxg4 30. hxg4 Rd8 31. c7 Rf8 32. Qd4 Qb7 33. Nd6 Qa6 34. Rc6 Qd3 35.
Qxd3 Bxd3 36. Rxb6 Bc2 37. Rc1 Bxb3 38. c8=Q Rfxc8 39. Rxc8+ Rxc8 40. Nxc8 Bxa4
41. Ne7+ Kh7 42. Nxd5 Bd1 43. Kf2 b3 44. Bc1 g6 45. Ne3 1-0